Medical-surgical nursing : (Record no. 6071)

MARC details
000 -LEADER
fixed length control field 02650nam a22005177a 4500
003 - CONTROL NUMBER IDENTIFIER
control field OSt
005 - DATE AND TIME OF LATEST TRANSACTION
control field 20250325025859.0
008 - FIXED-LENGTH DATA ELEMENTS--GENERAL INFORMATION
fixed length control field 250320t1980 |||||||| |||| 001 | eng d
020 ## - INTERNATIONAL STANDARD BOOK NUMBER
International Standard Book Number 0-7216-5806-7
040 ## - CATALOGING SOURCE
Transcribing agency JMCFI - Learning Resource Center
082 ## - DEWEY DECIMAL CLASSIFICATION NUMBER
Classification number MAHL/Nurs'g 616.002'4613 L941 1980
100 ## - MAIN ENTRY--PERSONAL NAME
Personal name Luckmann, Joan
9 (RLIN) 19481
245 ## - TITLE STATEMENT
Title Medical-surgical nursing :
Remainder of title a psychophysiologic approach /
Statement of responsibility, etc. Joan Luckmann and Karen Creason Sorensen.
250 ## - EDITION STATEMENT
Edition statement Second edition.
260 ## - PUBLICATION, DISTRIBUTION, ETC.
Place of publication, distribution, etc. Philadelphia :
Name of publisher, distributor, etc. W.B. Saunders Company ,
Date of publication, distribution, etc. 1980.
300 ## - PHYSICAL DESCRIPTION
Extent xvii, 2276 pages :
Other physical details black and white, illus. ;
Dimensions 27 cm
500 ## - GENERAL NOTE
General note Includes indexes.
504 ## - BIBLIOGRAPHY, ETC. NOTE
Bibliography, etc. note Includes bibliographical references.
650 ## - SUBJECT ADDED ENTRY--TOPICAL TERM
Topical term or geographic name entry element Nursing.
9 (RLIN) 248
650 ## - SUBJECT ADDED ENTRY--TOPICAL TERM
Topical term or geographic name entry element Surgical nursing.
9 (RLIN) 18637
650 ## - SUBJECT ADDED ENTRY--TOPICAL TERM
Topical term or geographic name entry element Medicine
General subdivision Nursing texts.
9 (RLIN) 19482
650 ## - SUBJECT ADDED ENTRY--TOPICAL TERM
Topical term or geographic name entry element Surgery
General subdivision Nursing texts.
9 (RLIN) 19483
650 ## - SUBJECT ADDED ENTRY--TOPICAL TERM
Topical term or geographic name entry element Nursing care.
9 (RLIN) 15630
650 ## - SUBJECT ADDED ENTRY--TOPICAL TERM
Topical term or geographic name entry element Psychosomatic disorders.
9 (RLIN) 19484
650 ## - SUBJECT ADDED ENTRY--TOPICAL TERM
Topical term or geographic name entry element Psychosocial assessment.
9 (RLIN) 19485
650 ## - SUBJECT ADDED ENTRY--TOPICAL TERM
Topical term or geographic name entry element Physical assessment.
9 (RLIN) 19486
650 ## - SUBJECT ADDED ENTRY--TOPICAL TERM
Topical term or geographic name entry element Nursing people experiencing surgery.
9 (RLIN) 19487
650 ## - SUBJECT ADDED ENTRY--TOPICAL TERM
Topical term or geographic name entry element Nursing people experiencing disturbances of neurologic function.
9 (RLIN) 19488
650 ## - SUBJECT ADDED ENTRY--TOPICAL TERM
Topical term or geographic name entry element Nursing people experiencing pain.
9 (RLIN) 19489
650 ## - SUBJECT ADDED ENTRY--TOPICAL TERM
Topical term or geographic name entry element Nursing people experiencing dysfunction of the kidney and the urinary tract.
9 (RLIN) 19490
650 ## - SUBJECT ADDED ENTRY--TOPICAL TERM
Topical term or geographic name entry element Nursing people experiencing disturbances of the blood and blood-forming organs.
9 (RLIN) 19491
650 ## - SUBJECT ADDED ENTRY--TOPICAL TERM
Topical term or geographic name entry element Nursing people experiencing disturbances of peripheral vascular function.
9 (RLIN) 19492
650 ## - SUBJECT ADDED ENTRY--TOPICAL TERM
Topical term or geographic name entry element Nursing people experiencing disturbances of respiratory function.
9 (RLIN) 19493
650 ## - SUBJECT ADDED ENTRY--TOPICAL TERM
Topical term or geographic name entry element Nursing people experiencing disturbances of digestive function.
9 (RLIN) 19494
650 ## - SUBJECT ADDED ENTRY--TOPICAL TERM
Topical term or geographic name entry element Nursing people experiencing disturbances of the liver, biliary tract and pancreas.
9 (RLIN) 19495
650 ## - SUBJECT ADDED ENTRY--TOPICAL TERM
Topical term or geographic name entry element Nursing people experiencing disturbances of endocrine and metabolic function.
9 (RLIN) 19496
650 ## - SUBJECT ADDED ENTRY--TOPICAL TERM
Topical term or geographic name entry element Nursing people experiencing disturbances of musculoskeletal function.
9 (RLIN) 19497
650 ## - SUBJECT ADDED ENTRY--TOPICAL TERM
Topical term or geographic name entry element Nursing people experiencing disturbances of the integumentary system.
9 (RLIN) 19498
650 ## - SUBJECT ADDED ENTRY--TOPICAL TERM
Topical term or geographic name entry element Nursing people experiencing disturbances of the reproductive system.
9 (RLIN) 19499
650 ## - SUBJECT ADDED ENTRY--TOPICAL TERM
Topical term or geographic name entry element Nursing people experiencing disturbances of the eye and ear.
9 (RLIN) 19500
650 ## - SUBJECT ADDED ENTRY--TOPICAL TERM
Topical term or geographic name entry element Nursing people experiencing disturbances of the nose, sinuses, pharynx, and larynx.
9 (RLIN) 19501
650 ## - SUBJECT ADDED ENTRY--TOPICAL TERM
Topical term or geographic name entry element Nursing people experiencing dependency on alcohol and other drugs.
9 (RLIN) 19502
650 ## - SUBJECT ADDED ENTRY--TOPICAL TERM
Topical term or geographic name entry element Nursing people experiencing medical-surgical emergencies.
9 (RLIN) 19503
700 ## - ADDED ENTRY--PERSONAL NAME
Personal name Sorensen, Karen Creason
9 (RLIN) 19504
942 ## - ADDED ENTRY ELEMENTS (KOHA)
Source of classification or shelving scheme Dewey Decimal Classification
Koha item type Books
Edition Second edition
Suppress in OPAC No
Holdings
Withdrawn status Lost status Source of classification or shelving scheme Damaged status Not for loan Home library Current library Shelving location Date acquired Total Checkouts Full call number Barcode Date last seen Copy number Price effective from Koha item type
    Dewey Decimal Classification     LRC - Medical and Allied Health LRC - Medical and Allied Health MAHL - Nursing 05/20/2004   MAHL/Nurs'g 616.002'4613 L941 1980 MAHL00000784 03/20/2025 1 03/20/2025 Books